Effect of APM treatment on strength properties of Hevea brasiliensis(Rubber wood) (Record no. 48015)

MARC details
000 -LEADER
fixed length control field 00874nam a2200169Ia 4500
100 ## - MAIN ENTRY--AUTHOR NAME
Personal name Shukla N K
245 #0 - TITLE STATEMENT
Title Effect of APM treatment on strength properties of Hevea brasiliensis(Rubber wood)
260 ## - PUBLICATION, DISTRIBUTION, ETC. (IMPRINT)
Name of publisher Journal of the Timber Development Association(India)
Year of publication 1993
300 ## - PHYSICAL DESCRIPTION
Number of Pages 43-47
520 ## - SUMMARY, ETC.
Summary, etc In order to save the energy in seasoning prior to preservative treatment the alternate pressure method(APM) to treat the green wood is gaining importance. This paper deals with the effect of APM treatment with Borax:Boric acid composition on the strength properties of Hevea brasiliensis (rubberwood). Most of the strength properties of rubberwood remained unaffected by this treatment method.
650 ## - SUBJECT ADDED ENTRY--TOPICAL TERM
Topical Term APM treatment
650 ## - SUBJECT ADDED ENTRY--TOPICAL TERM
Topical Term Rubberwood
700 ## - ADDED ENTRY--PERSONAL NAME
Personal name Khanduri A K
700 ## - ADDED ENTRY--PERSONAL NAME
Personal name Satish Kumar
942 ## - ADDED ENTRY ELEMENTS (KOHA)
Koha item type Bibliography RLWO
Holdings
Withdrawn status Lost status Damaged status Not for loan Home library Current library Date acquired Serial Enumeration / chronology Koha item type
      Bibliography RRII Library RRII Library 31/12/2021 Volume 39, Issue 3 Bibliography RLWO